Cuenca iberica: lenguaje y paisaje

محفوظ في:
التفاصيل البيبلوغرافية
المؤلف الرئيسي: Unamuno, Miguel de (مؤلف)
التنسيق: كتاب
اللغة:الإسبانية
منشور في: Ciudad de México Séneca 1943
الموضوعات:
الوسوم: إضافة وسم
لا توجد وسوم, كن أول من يضع وسما على هذه التسجيلة!

MARC

LEADER 00000nam a2200000 a 4500
001 UCZ0900
003 CL-VaPUC
008 950810e19430000MX |||||||||||||||||spa|d
082 0 4 |a 864  |b UNA  |2 21 
100 0 |a Unamuno, Miguel de  |e author  |9 312478 
245 1 0 |a Cuenca iberica: lenguaje y paisaje 
300 |a 176 p 
942 |c BK 
945 |d 19950810 00:00:00  |a rbrito 
260 |a Ciudad de México  |b Séneca  |c 1943 
650 0 |a Ensayos españoles  |9 313128 
583 |a last modification  |c 19950810 00:00:00  |k Rodrigo Vera 
999 |c 237767  |d 237765 
952 |0 0  |1 0  |4 0  |6 864_000000000000000_UNA_1943  |7 0  |8 A  |9 247452  |a BIBEDU  |b BIBEDU  |d 2019-11-18  |i 3105946  |o 864 UNA 1943  |p 3105946  |r 2019-11-18  |w 2019-11-18  |y BK  |k LIT